Soldado de tres ejércitos : (Record no. 193083)

MARC details
000 -LEADER
campo de control de longitud fija 01803nam a2200433 i 4500
001 - NÚMERO DE CONTROL
campo de control 193083
003 - IDENTIFICADOR DE NÚMERO DE CONTROL
campo de control SpMaBN
005 - FECHA Y HORA DE LA ÚLTIMA TRANSACCIÓN
campo de control 20240708063024.0
007 - CAMPO FIJO DE DESCRIPCIÓN FÍSICA--INFORMACIÓN GENERAL
campo de control de longitud fija ta
008 - DATOS DE LONGITUD FIJA--INFORMACIÓN GENERAL
campo de control de longitud fija 230727s2007 sp | ||| ||spa
016 7# - NÚMERO DE CONTROL DE UNA AGENCIA BIBLIOGRÁFICA NACIONAL
Número de control del registro bimoBNE20070687876
Fuente SpMaBN
017 ## - NÚMERO DE COPYRIGHT O DE DEPÓSITO LEGAL
Número de copyright o de depósito legal M 16295-2007
Agencia que asigna Oficina Depósito Legal Madrid
020 ## - NÚMERO INTERNACIONAL ESTÁNDAR DEL LIBRO
Número Internacional Estándar del Libro 9788461163847
035 ## - NÚMERO DE CONTROL DEL SISTEMA
Número de control de sistema (OCoLC)434500268
035 ## - NÚMERO DE CONTROL DEL SISTEMA
Número de control de sistema Mimo0002268165
040 ## - FUENTE DE CATALOGACIÓN
Centro catalogador/agencia de origen SpMaBN
Lengua de catalogación spa
Centro/agencia transcriptor SpMaBN
Normas de descripción rdc
Centro/agencia modificador ES-MaACL
080 ## - NÚMERO DE LA CLASIFICACIÓN DECIMAL UNIVERSAL
Número de la Clasificación Decimal Universal 929 Swierczewski, Karol
080 ## - NÚMERO DE LA CLASIFICACIÓN DECIMAL UNIVERSAL
Número de la Clasificación Decimal Universal 355 Swierczewski, Karol
100 1# - ENTRADA PRINCIPAL--NOMBRE DE PERSONA
Nombre de persona Swierczewska, Antonina
Número de control del registro de autoridad o número normalizado XX4616341
9 (RLIN) 233922
245 10 - MENCIÓN DEL TÍTULO
Título Soldado de tres ejércitos :
Resto del título Karol Swierczewscki, "General Walter" : memorias sobre nuestro padre /
Mención de responsabilidad, etc. Antonina, Zosia y Marta Swierczewska ; [traducción, María Romashina Merino]
260 ## - PUBLICACIÓN, DISTRIBUCIÓN, ETC.
Lugar de publicación, distribución, etc. Madrid :
Nombre del editor, distribuidor, etc. Asociación de Amigos de las Brigadas Internacionales,
Fecha de publicación, distribución, etc. [2007]
300 ## - DESCRIPCIÓN FÍSICA
Extensión 220 p. :
Otras características físicas il. ;
Dimensiones 21 cm
336 ## - TIPO DE CONTENIDO
Fuente rdacontent
Término de tipo de contenido Texto
337 ## - TIPO DE MEDIO
Fuente rdamedia
Nombre/término del tipo de medio sin mediación
338 ## - TIPO DE SOPORTE
Fuente rdacarrier
Nombre/término del tipo de soporte volumen
490 1# - MENCIÓN DE SERIE
Mención de serie Cuadernos biográficos de las Brigadas Internacionales ;
Designación de volumen o secuencia 3
500 ## - NOTA GENERAL
Nota general Catalogación provisional. Signatura: N 8581. Depósito J.
600 17 - PUNTO DE ACCESO ADICIONAL DE MATERIA--NOMBRE DE PERSONA
Nombre de persona Świerczewski, Karol
Fechas asociadas al nombre 1897-1947
Fuente del encabezamiento o término embne
9 (RLIN) 233923
700 1# - ENTRADA AGREGADA--NOMBRE PERSONAL
Nombre de persona Swierczewska, Zosia
9 (RLIN) 233924
700 1# - ENTRADA AGREGADA--NOMBRE PERSONAL
Nombre de persona Swierczewska, Marta
9 (RLIN) 233925
830 ## - PUNTO DE ACCESO ADICIONAL DE SERIE-TÍTULO UNIFORME
9 (RLIN) 191147
Título uniforme Cuadernos biográficos de las Brigadas Internacionales ;
Designación de volumen o secuencia 3
852 ## - LOCALIZACIÓN
Ubicación ES-MaACL
itemnumber 200389
Sublocalización o colección R.153218
Número de control de estantería N-8581
Ubicación en estantería Depósito J
Donativo/Legado Donación: Editorial
Nota libre En proceso
942 ## - ELEMENTOS DE ENTRADA SECUNDARIOS (KOHA)
Suprimir en OPAC No
Tipo de ítem Koha Libro impreso
Holdings
Estatus retirado Estado de pérdida Fuente del sistema de clasificación o colocación Estado de daño No para préstamo Biblioteca de origen Biblioteca actual Ubicación en estantería Fecha de adquisición Fuente de adquisición Total de préstamos Signatura topográfica completa Código de barras Visto por última vez Precio de reemplazo Tipo de ítem Koha
    Clasificación decimal universal     Biblioteca del Ateneo de Madrid Biblioteca del Ateneo de Madrid Depósito J 01/12/2021 Donación   N-8581 101205682 27/07/2023 27/07/2023 Libro impreso